000 00435nam a2200169 4500
020 _a9781786584328
082 _a823(FTr.)
_bSAT/M
100 _aSatishi Yagisawa
245 _aMore days at the Morisaki bookshop/
_cby Satishi Yagisawa
260 _aUK:
_bManilla press,
_c2024.
300 _a167p.
650 _aNovel English
650 _aLiterature English
650 _aLiterature
700 _aEric Ozawa (tr.)
942 _cBK
999 _c181441
_d181441